Największe gospodarki 2023 - 1/2 - Statystyki

Ogólne statystyki
  • Ten quiz został rozwiązany 176 razy
  • Średni wynik to 21 z 25
Statystyki odpowiedzi
PKB Kraj % Poprawnych
24,812,956 Stany Zjednoczone
99%
20,179,823 Chiny
98%
4,713,907 Niemcy
97%
3,219,884 Francja
96%
816,269 Polska
95%
1,845,882 Rosja
95%
3,265,559 Wielka Brytania
95%
4,306,293 Indie
92%
6,475,893 Japonia
92%
2,359,526 Brazylia
91%
1,693,073 Hiszpania
88%
2,256,796 Włochy
88%
2,133,717 Kanada
87%
1,716,124 Australia
82%
1,495,148 Meksyk
82%
2,035,757 Korea Południowa
80%
682,207 Szwecja
77%
1,499,445 Indonezja
75%
1,044,124 Turcja
75%
1,073,526 Holandia
73%
648,848 Argentyna
72%
845,384 Szwajcaria
71%
881,987 Arabia Saudyjska
66%
757,123 Tajwan
55%
681,929 Nigeria
52%
Nie znaleziono quizów pasujących do podanych kryteriów
Rozkład punktacji
Procent ludzi z każdym wynikiem
Percentyl według liczby udzielonych odpowiedzi
Twoja historia wyników
Nie rozwiązałeś tego quizu